000 00360 a2200145 4500
001 61187
020 _a9783468205835
040 _cAnchieta - Pituba
240 1 0 _aGrundschulwörterbuch deutsch
_lpor
245 1 0 _aGrundschulwörterbuch deutsch
300 _a192
362 0 _a2011
650 4 _aLínguas germânicas (teutônicas) língua alemã
942 _cBK
999 _c61187
_d61187